000 00498nam a22001577a 4500
020 _a9788120305014
082 _a621.3819582 RAB
100 _aRabiner, Lawrence R.
245 _aTheory and application of digital signal processing
260 _aNew Delhi, India
_bPHI Learning
_c1976
300 _axv, 762 p.
_bill. ;
500 _aIncludes bibliographical references and index.
650 _a1. Digital electronics. 2. Signal theory (Telecommunication)
700 _aGold, Bernard
942 _cBK
999 _c12572
_d12572